| 000 | 00484cam a2200181ua 4500 | ||
|---|---|---|---|
| 020 | _cRs 40.00 | ||
| 041 |
_aeng _h |
||
| 082 |
_a664.028 _bSRI/PR |
||
| 100 | _aSrivastava, R P . | ||
| 245 |
_aPreservation of fruit and vegetable products / _cR P Srivastava. _hTextual Documents |
||
| 250 |
_a1 / _b. |
||
| 260 |
_aDehradun : _bBishen Singh Mahendra Pal Singh , _c1982. |
||
| 300 | _a142 ; . | ||
| 365 | _aRs 40.00 | ||
| 504 | _a | ||
| 942 | _cBK | ||
| 999 |
_c1507 _d1507 |
||